=LDR 00000nam 2200000 4500 =001 INLIS000000000016863 =005 20130612112107 =008 ***********************************Ind** =035 ##$$0010-061300000016863 =041 ##$$a Ind =082 ##$$a F Rom K =090 ##$$a F Rom K, Kis k =245 ##$$a Kisah pinokio =260 ##$$a 2003 $b Jakarta =300 ##$$a 24 hlm, ilus, 17 cm =650 ##$$a Fiksi Anak-Anak =850 ##$$a NBPNMAT